000 00410nam a22001697a 4500
005 20180704123909.0
008 160621b xxu||||| |||| 00| 0 eng d
020 _a978-81-2032863-1
041 _aeng
082 _b8741
_a658.152
100 _aGupta, S.L.
_94458
245 _aFinancial Derivatives.:theory and problems
260 _bPHI
_c2008
300 _a582p,
650 _aManagement
_9241
942 _cBK
999 _c3383
_d3382